National science and technology policy (Record no. 499273)

000 -LEADER
fixed length control field 00347cam a22001097a 4500
008 - FIXED-LENGTH DATA ELEMENTS--GENERAL INFORMATION
fixed length control field 180718b1987 xxu||||| |||| 00| 0 eng d
082 ## - DEWEY DECIMAL CLASSIFICATION NUMBER
Classification number YA3x54 In2p/1987
245 ## - TITLE STATEMENT
Title National science and technology policy
Statement of responsibility, etc. by Lok Sabha Secretariat, India
260 ## - PUBLICATION, DISTRIBUTION, ETC.
Place of publication, distribution, etc. Delhi
Name of publisher, distributor, etc. Lok Sabha Secretariat
Date of publication, distribution, etc. 1987
300 ## - PHYSICAL DESCRIPTION
Extent 62p.
700 ## - ADDED ENTRY--PERSONAL NAME
Personal name India. Lok Sabha Secretariat
Holdings
Withdrawn status Lost status Damaged status Not for loan Permanent Location Current Location Date acquired Full call number Barcode Date last seen Price effective from Koha item type
        Indian Institute of Public Administration Indian Institute of Public Administration 2018-08-04 YA3x54 In2p/1987 GG20529 2018-08-04 2018-08-04 GG

Powered by Koha